000 00629nam a2200193Ia 4500
005 20220216103343.0
008 210716s1998 xx 000 0 und d
040 _cAIMIT LIBRARY
041 _aeng
082 _a658.001
_21
_bSHIB
100 _aShishila, B Prabhakara.
_920070
245 _aEssentials of business economics /
_cBy B. Prabhakara Shishila.
250 _a1st ed.
260 _aMangalore :
_bShrathi Printers and Publishers ,
_c1998 .
300 _a490p. ;
_c21 cm.
650 _aOrganisation of Production.
_920071
650 _aCosts Returns and Revenue Concepts.
_920072
942 _2ddc
_cBK
_e1st
_k658.001 SHIB
999 _c184383
_d184383